| 000 | 00415nam a2200121Ia 4500 | ||
|---|---|---|---|
| 008 | 220615s9999||||xx |||||||||||||| ||und|| | ||
| 100 | _aHosam El-Din Mostafa Saleh | ||
| 245 | 0 | _aMunicipal Solid Waste Management | |
| 546 | _aEnglish[eng] | ||
| 650 | _aLife Sciences||Waste Management||Environmental Sciences||Solid Waste | ||
| 856 | _uhttps://www.intechopen.com/books/municipal-solid-waste-management | ||
| 942 | _cEB | ||
| 999 |
_c12560 _d12560 |
||